MDQL
is popping MORE tags! Check the
thread
!
Quizzes
Events
Quiz Creation
Community
Videos
Private Events
Remove Ads
Sign In
Join for FREE
Feedback
Dark Mode
Quiz Categories
Sports
Geography
Music
Movies
Television
Just For Fun
Miscellaneous
History
Literature
Language
Science
Gaming
Entertainment
Religion
Holiday
For Kids
Quiz Lab
Recent
Popular Today
Quiz Kudos Today
Editor Picks
Curator Picks
Quizzes by...
Day
Popularity
Type
Ratings
Length
Year
Community
Subscriptions
Recent Discussions
Orange Saloon
Badges
Playlists
Quests
Create
Leaderboards
Showdown
Live 5
Trivia Bingo
Activity
Puzzle Library
Sporcle Events
Private Events
Virtual Trivia
Globe League
Become a Host
Pub Owners
SporcleCon
Opinionation
Our Games
Videos
Blog
Mobile Apps
Partnerships
Remove Ads and Go Orange
Feedback
Gaming
Video Games
Board Games
Card Games
Pokémon
Mario
Nintendo
Minecraft
Console
Toys
Legend of Zelda
Gaming
Video Games
Board Games
Card Games
Pokémon
Mario
Nintendo
Minecraft
Console
Toys
Legend of Zelda
Random Quiz
Search Sporcle
×
Quiz Lab
Quiz Lab
Gaming
unit
Type in answers that appear in a list
Type in answers that appear in a list
Classic
Best Score? Go Orange.
Brave Frontier:Omni Units Stats
Name all the Omni units in Brave Frontier
By
SolarLightSun
20m
191 Questions
114 Plays
114 Plays
114 Plays
Comments
Comments
Give Quiz Kudos
Give Quiz Kudos
-
- Ratings
hide this ad
Replay
Link that replays current quiz
Next Quiz
Link to next quiz in quiz playlist
You Got
0%
They Got
Avg Score
35%
Avg Friend Score
Upgrade to see
Score Distribution
Jump to the score distribution portion of the page
Score
0/191
Timer
20:00
0
Plays Today
Description
Units
% Correct
Algor Halcyon
Selena
93.7%
Fulgur Halcyon
Eze
89.9%
Ignis Halcyon
Vargas
86.1%
Umbra Halcyon
Magress
84.8%
Lux Halcyon
Atro
83.5%
Terra Halcyon
Lance
83.5%
Absolute Zero
Vern
82.3%
Chivalrous Thief
Zelnite
78.5%
Inception God
Maxwell
77.8%
Abyssal Witch
Ciara
77.2%
Heavenless Bushi
Mifune
75.9%
Fabled Emperor
Kulyuk
70.9%
Disnomian Emperor
Shion
70.1%
Graceful Princess
Elza
69.6%
Lovely Princess
Alice
69.6%
Glorious Hero
Krantz
68.4%
Pure General
Regil
67.1%
Flashing Thief
Fizz
67.1%
Knight of Holy Light
Ark
67.1%
Vexing Monarch
Kira
66.2%
Salacia Persei
Elimo
65.8%
Sovereign God
Cardes
65.1%
Fate-
Eater
Ilm
64.6%
Bennu Edge
Rayla
63.3%
Celestial Wings
Lara
63.3%
Sublime Darkness
Feeva
62%
Heroes
Fei and Fang
60.8%
Dark Destruction
Kalon
60.8%
Divine Law
Kanon
60.8%
Doombringer
Azurai
60.8%
Ruling God
Zevalhua
60.6%
Eggspert Huntress
Carrol
59.7%
Howling Wolf
Zekt
59.5%
White Wulf
Faelan
59.5%
Auric Echo
Eleanor
58.2%
Alluring Empress
Savia
58.2%
Empyrean
Juno-Seto
57%
Eternal Goddess
Felice
57%
Ideal Subject
Lauda
57%
Ignis Vestae
Lava
57%
Mankai Sakura
Miku
57%
Callow Shadow
Grahdens
56.9%
Deadly Illusion
Shida
56.9%
Dragon Mother
Mariela
55.7%
Undying Flame
Avant
55.7%
Void Walker
Zenia
55.7%
Cosmic Being
Amu Yunos
55.6%
Sol
55.6%
Eternal Radiance
Rize
54.4%
Scourgemistress
Adriesta
54.4%
Torrential Scar
Holia
54.4%
Void Pasha
Ensa-Taya
54.4%
Laughing Devil
Long
53.5%
Emerald Tusk
Daze
53.2%
Heavenly Spiral
Hisui
53.2%
Infinity Starsage
Zeruiah
53.2%
Silver Queen
Gabriela
53.2%
Third Eye
Diastima
51.9%
Heavenly Rift
Shura
51.9%
Glorious Shine
Mora
50.8%
Draconic Emperor
Barion
50.8%
Bizarre Sight
Baro
50.7%
Angelic Star
Janice
50.6%
Blazing Phoenix
Feng
50%
Description
Units
% Correct
Hailing Blades
Camilla
50%
Viridian Flag
Freed
50%
Demonic Witch
Xie'Jing
49.3%
Sacred Flora
Mordlim
49.2%
Immortal Firewing
Blaze
49.1%
Accursed Calamity
Velma
48.3%
Callow Flame
Owen
48.3%
Flourished Bloom
Libera
48.3%
Graceful Angel
Linasera
48.3%
Demon Manipulator
Kafka
48.3%
Roaring Skies
Ragra
48.3%
Gallant Spirit
Tazer
48.1%
Halting Victory
Zekuu
48.1%
Supreme Chol
Arus
47.9%
Strife God
Afla Dilith
47.9%
Ebil Genius
Vikki
47.8%
Godly Command
Izuna
46.8%
Sage God
Melord
46.8%
Silent Sentinel
Silvie
46.8%
Hellborne Honeypot
Luina
46.6%
Furious Thunder
Cleria
46.3%
Dark Path
Arthur
46%
Oceanic Mirror
Iris
46%
Celestial Plate
Beiorg
46%
Midnight Judge
Neferet
45.6%
Blazing Dragon
Lyonesse
45.6%
Dark Allure
Azami
45.6%
Bad Lands Queen
Gazolina
45.3%
Inquisitive Soul
Rhoa
44.8%
Sacred God
Lucius
44.8%
Torch Eccentric
Malef
44.3%
Torturous Grief
Zellha
44.3%
Ace Assasssin
Natalame
43.9%
Vesta Padma
Michele
43.4%
Master Sage
Solos
43.1%
Roaring Empress
Sonia
43%
Sacred Emperor
Sirius
43%
Wind Princess
Rozalia
43%
Owlrider Jute
Eerikki
42.9%
Bitter Manipulator
Zora
42.3%
Mademoiselle
Mariletta
42.3%
Blazing Emperor
Adel
41.8%
Heroic Leader
Quaid
41.8%
Rain
41.8%
Scorching Fang
Glenn
41.8%
War Maniac
Zeek
41.6%
Dancing Flames
Rengaku
40.5%
Lightning Menace
Silas
40.5%
Sapphire Noble
Stein
40.5%
Metal Flower
Ionia
40.3%
Glacial Wings
Belfura
39.7%
Furious General
Griff
39.7%
Pyro Flail
Barbara
39%
Autonomous
Cotton
38.8%
Fina
38%
Imperial Chain
Johan
38%
Ruinous Despoiler
Galtier
38%
Sunless Warden
Rahotep
38%
Mobile Pathfinder
Enile
37.9%
Radiant Guardian
Shera
37%
Eldritch Rocker
Haido
36.7%
Great General
Zalts
36.7%
Treasure Demon
Gregor
36.7%
Kingslayer
Lancelot
36.5%
Description
Units
% Correct
Ky
36.5%
Mechanic Goddess
Lilith
36.2%
White Death
Ravea
35.8%
Lasswell
35.4%
Malachite Steel
Lanza
35.4%
Silva Khopesh
Serge
35.4%
Crystalline Blue
Azalea
34.3%
Starpyre Lancer
Zeis
34.3%
Supreme Emperor
Agress
34.2%
Sacred Purpose
Lukroar
34%
Battle Admiral
Laresa
33.3%
Blightblade
Wannahon
32.9%
Brave Leader
Alessa
32.9%
Roaring Thunder
Viktor
32.9%
Blazing Admonition
Agnia
32.8%
Boundless Peaks
Daros
32.8%
Chain Magister
Hugh
32.4%
Brave Emperor
Garrel
31.6%
Viper Blitzkreig
Durumn
31.1%
Final Petal
Phileine
31%
Overflowing Sea
Zeleste
31%
Zero
30.4%
Dizzy
30.2%
Soul Eater
Zalvard
30.1%
Steel Magus
Dessit
29.3%
Sapphire Dragon
Asto
29.1%
Titanbane Primus
Keres
28.6%
Colossal Spirit
Jireid
27.6%
Death Soul
Mizo Dorte
27.6%
Triumphant Blaze
Valen
27.4%
Charlotte
26.6%
Gracious Champion
Licht
26.6%
Divine Rogue
Hetepheres
26.3%
Leona
26%
Elphelt
25.4%
Gaston
25.3%
Magnanimous Bolt
Ewan
24.3%
Lid
24.1%
Infernal Pyre
Rugahr
23.9%
Hallelujah
22.8%
Terry Bogard
22.8%
Victorious General
Gyras
22.8%
Sacred Judge
Isniel
22.6%
Sacred Shift
Becstain
22.6%
Benimaru Nikaido
21.9%
Athena Asamiya
21.9%
Dusk Star
Khepratum
20.8%
Divine Dragon
Ragzbyul
20.5%
Ruby Successor
Reda
20.3%
Toki
20.3%
Tidal Stormsurge
Galea
19%
Millia
19%
Jack-O'
19%
Sacred Ashes
Jakra
18.9%
Mai Shiranui
17.8%
Iori Yagami
16.5%
Kula Diamond
16.4%
Ramlethal
15.5%
Militant Leader
Rahnas
12.7%
Divine Armor
11.3%
DUEL-FGXVM
11.3%
Grandmagos
Ceulfran
11.1%
5.7%
Quiz Playlist
Details
Report
Send in Message
Add To Playlist
Classic:
Type in answers that appear in a list
Last Updated: Aug 19, 2017
Quiz Scoreboard
CHALLENGE
Sign Up to Join the Scoreboard
Show All
Scores
Hide
Comments
May contain spoilers
Recently Published
Find the 'City' Movie
by crazypaving
Movies
60s
5x2 Blitz: Bands
by SL_Kpop136
Music
30s
Colored Red Africa Blitz
by spor1
Geography
30s
More to Explore
Quiz From the Vault
Featured Blog Post
14 Easter Pick-up Lines to Find Eggs With
hide this ad
You Might Also Like...
Tags
Brave
description
Frontier
unit
Today's Top Quizzes in Gaming
Browse Gaming
hide this ad
Today's Top Quizzes in unit
Browse unit
Top Contributed Quizzes in Gaming
1
Genshin murder mystery
2
Dead By Daylight Logic Puzzle
3
Destiny 2 exotic weapons by perk icons
4
League of Legends Pro Players by Career/Team History
5
Genshin Impact Logic Puzzle
6
Overwatch 2: Ultimate Ability Icons
7
Genshin Impact Logic Puzzle Quiz II
8
Overwatch Logic Puzzle
9
Who's on the WWE 2K24 Cover?
10
5-to-1: Legend of Zelda
Explore More
Trending Topics
Kpop
Marvel
Crossword
Anime
NBA
Disney
Harry Potter
WWE
Song
Soccer
Puzzle
The Office
Pokémon
Country
NFL
hide this ad
More By:
SolarLightSun
Quiz
Plays
Rating
Category
Featured
Created
One Piece: Devil Fruits
2,827
4.20
Entertainment
Jan 19, 2017
Guess that Gen 7 Pokemon (Hot/Cold)
1,433
2.88
Gaming
Dec 15, 2016
Battle Cats: Normal🐾
1,357
5.00
Gaming
Mar 15, 2017
Pokemon: Z Moves
1,153
5.00
Gaming
Nov 25, 2016
Pokemon:Alola Forms
755
5.00
Gaming
Aug 20, 2016
Go to Creator's Profile
Score Distribution
Quiz Creator Spotlight
SolarLightSun
Follow
Send a Message
Quizzes Created
-
Created Quiz Play Count
-
More By This Creator
Popular Quizzes Today
1
Colored Red Africa Blitz
2
Find the 'City' Movie
3
Find the US States - No Outlines Minefield
4
5x2 Blitz: Bands
5
The Countries of the World
6
Find the US States
7
Find the Countries of Europe - No Outlines Minefield
8
US States
More Gaming Quizzes
Music Representation in Super Smash Bros. Ultimate
Quiz Lab
Trending Quizzes
Colored Red Europe Blitz I
Colored Red Europe Blitz II
Colored Red Africa Blitz II
Colored Red Europe Blitz III
Colored Red Africa Blitz III
Recently Updated
How Do You Spell That?
pecheneg
Godzilla Movies
pecheneg
Grab Bag: 4-10 Letters
pecheneg
2024 March Madness Bracket
pecheneg
Famous TV Couples
Peacemaker
Champions League XIs: Real Madrid
pecheneg
Largest US Cities 1790-2010
pecheneg
Rides in Walt Disney World
pecheneg
Most Oscar Losses (Acting)
pecheneg
Beyoncé Albums
pecheneg
Trending Topics
Harry Potter
Kpop
Marvel
Disney
Anime
NBA
Crossword
Puzzle
Song
Soccer
NFL
WWE
Pokémon
Country
The Office
Your Account Isn't Verified!
In order to create a playlist on Sporcle, you need to verify the email address you used during registration. Go to your
Sporcle Settings
to finish the process.
Report this User
Report this user for behavior that violates our
Community Guidelines
.
Details:
Send Report
Go to the Sporcle.com Mobile Site →
Comments